LEGO X-Y plotter - Elon's Plotter - Team Elon

Elmentve itt :
Bibliográfiai részletek
Szerzők: Kiss Lóránt
Szarvas Szilárd
Tulipán Nándor
Testületi szerző: Szegedi Innovatív Informatika Verseny (8.)
Dokumentumtípus: Könyv része
Megjelent: SZTE TTIK Informatikai Intézet Szeged 2022
Sorozat:Szegedi Innovatív Informatika Verseny
Kulcsszavak:Szoftverfejlesztés, Programozás - számítógép, Tanulmányi verseny - informatika - középiskola, Műszaki tudományok - modellezés - számítógép alkalmazása
Tárgyszavak:
Online Access:http://acta.bibl.u-szeged.hu/89553
LEADER 01130naa a2200253 i 4500
001 acta89553
005 20260226084746.0
008 260225s2022 hu o 100 hun d
040 |a SZTE Egyetemi Kiadványok Repozitórium  |b hun 
041 |a hun 
100 1 |a Kiss Lóránt 
245 1 0 |a LEGO X-Y plotter - Elon's Plotter - Team Elon  |h [elektronikus dokumentum] /  |c  Kiss Lóránt 
260 |a SZTE TTIK Informatikai Intézet  |b Szeged  |c 2022 
300 |a 39-42 
490 0 |a Szegedi Innovatív Informatika Verseny 
650 4 |a Természettudományok 
650 4 |a Számítás- és információtudomány 
650 4 |a Műszaki és technológiai tudományok 
650 4 |a Villamosmérnöki és informatikai tudományok 
695 |a Szoftverfejlesztés, Programozás - számítógép, Tanulmányi verseny - informatika - középiskola, Műszaki tudományok - modellezés - számítógép alkalmazása 
700 0 1 |a Szarvas Szilárd  |e aut 
700 0 1 |a Tulipán Nándor  |e aut 
711 |a Szegedi Innovatív Informatika Verseny (8.)  |c Szeged  |d 2022 
856 4 0 |u http://acta.bibl.u-szeged.hu/89553/1/sziiv_2022_039-042.pdf  |z Dokumentum-elérés